|
|
|
|
| LEADER |
00000nam0a2200000 4500 |
| 001 |
209279 |
| 005 |
20231101225528.0 |
| 010 |
|
|
|a 9785396003743
|
| 035 |
|
|
|a (RuTPU)RU\TPU\book\228602
|
| 090 |
|
|
|a 209279
|
| 100 |
|
|
|a 20120210d2011 km y0rusy50 ca
|
| 101 |
0 |
|
|a rus
|a eng
|
| 102 |
|
|
|a RU
|
| 105 |
|
|
|a y z 001zy
|
| 200 |
1 |
|
|a Искусственный интеллект: методология, применения, философия
|f В. К. Финн
|g Российская академия наук (РАН), Всероссийский институт научной и технической информации (ВИНИТИ) ; науч. ред. М. А. Михеенкова
|
| 210 |
|
|
|a Москва
|c КРАСАНД
|d 2011
|
| 215 |
|
|
|a 448 с.
|
| 320 |
|
|
|a Библиография в конце глав.
|
| 330 |
|
|
|a В настоящей книге систематически рассматривается главный продукт искусственного интеллекта — интеллектуальные системы. Интеллектуальные системы, представленные в книге, реализуют оригинальный метод анализа данных и машинного обучения — ДСМ-метод автоматического порождения гипотез. Рассмотрены применения метода в интеллектуальных системах для наук о жизни и социальном поведении. Основной идеей ДСМ-метода является синтез трех познавательных процедур — индукции, аналогии й абдукции, реализуемый посредством ДСМ-рассуждений в интеллектуальных системах. Средствами ДСМ-метода предложено частичное решение проблем индукции для систем искусственного интеллекта, которое использует идеи об индуктивных методах рассуждения Д. С. Милля. В книге также обсуждаются логические проблемы формализации когнитивных рассуждений и представлены версии логик аргументации, применяемые для анализа данных и машинного обучения. Книга является оригинальным введением в проблематику искусственного интеллекта, его методологию и эпистемологию. Она адресована специалистам в области искусственного интеллекта, логики, методологии и философии науки, а также всем, кто интересуется применением методов искусственного интеллекта в информационных технологиях и когнитивных исследованиях.
|
| 606 |
1 |
|
|a Искусственный интеллект
|2 stltpush
|3 (RuTPU)RU\TPU\subj\13185
|9 39836
|
| 610 |
1 |
|
|a интеллектуальные системы
|
| 610 |
1 |
|
|a развитие
|
| 610 |
1 |
|
|a социальные последствия
|
| 610 |
1 |
|
|a конструирование
|
| 610 |
1 |
|
|a медицинские данные
|
| 610 |
1 |
|
|a гуманитарное знание
|
| 610 |
1 |
|
|a общество
|
| 610 |
1 |
|
|a философские проблемы
|
| 610 |
1 |
|
|a эпистемология
|
| 610 |
1 |
|
|a логика
|
| 610 |
1 |
|
|a когнитология
|
| 610 |
1 |
|
|a социология
|
| 610 |
1 |
|
|a системный анализ
|
| 610 |
1 |
|
|a гипотезы
|
| 610 |
1 |
|
|a автоматическое порождение
|
| 610 |
1 |
|
|a ДСМ-метод
|
| 610 |
1 |
|
|a аргументация
|
| 675 |
|
|
|a 004.8
|v 4
|
| 700 |
|
1 |
|a Финн
|b В. К.
|g Виктор Константинович
|
| 702 |
|
1 |
|a Михеенкова
|b М. А.
|4 340
|
| 712 |
0 |
2 |
|a Российская академия наук (РАН)
|b Всероссийский институт научной и технической информации (ВИНИТИ)
|c (Москва)
|c (1991- )
|2 stltpush
|3 (RuTPU)RU\TPU\col\2925
|
| 801 |
|
1 |
|a RU
|b 63413507
|c 20120210
|
| 801 |
|
2 |
|a RU
|b 63413507
|c 20150428
|g RCR
|
| 942 |
|
|
|c BK
|
| 959 |
|
|
|a 22/20120210
|d 1
|e 545,82
|f ЧЗТЛ:1
|